Zero to One (Record no. 369792)

MARC details
000 -LEADER
fixed length control field 00471nam a2200169 4500
005 - DATE AND TIME OF LATEST TRANSACTION
control field 20260108165057.0
008 - FIXED-LENGTH DATA ELEMENTS--GENERAL INFORMATION
fixed length control field 260108b |||||||| |||| 00| 0 eng d
020 ## - INTERNATIONAL STANDARD BOOK NUMBER
International Standard Book Number 978-0-75355-519-4
041 ## - LANGUAGE CODE
Language code of text/sound track or separate title English
082 ## - DEWEY DECIMAL CLASSIFICATION NUMBER
Classification number X 658.11 THI
Item number B12141
100 ## - MAIN ENTRY--PERSONAL NAME
Author Thiel, Peter
245 ## - TITLE STATEMENT
Title Zero to One
Remainder of title :Notes on Startups, or How to Build the Future
260 ## - PUBLICATION, DISTRIBUTION, ETC.
Place of publication, distribution, etc. UK
Name of publisher, distributor, etc. Penguin Random house
Date of publication, distribution, etc. 2014
300 ## - PHYSICAL DESCRIPTION
Extent 210p
Other physical details pb
365 ## - TRADE PRICE
Price type code Rupaye
Price amount 462
Currency code INR
942 ## - ADDED ENTRY ELEMENTS (KOHA)
Koha item type Books
Holdings
Withdrawn status Lost status Source of classification or shelving scheme Damaged status Not for loan Collection code Home library Current library Date acquired Vendor Net Price Bill number Total Checkouts Full call number Barcode Date last seen Date last checked out Actual Price Bill Date Koha item type Original Barcode
    Dewey Decimal Classification     Non-fiction Smt. Bakul Tambat Institute of Nursing Education Smt. Bakul Tambat Institute of Nursing Education 30/12/2025 Amazon(online) 171-8552891-3384363 462.00 XIDU-4643 1 X 658.11 THI B12141 BTIN-BK-12141 25/02/2026 18/02/2026 462.00 17/11/2025 Books BTIN-BK-12141